Statistiques concernant Les types des pokémons

Cliquez ici pour prendre le quiz!

Statistiques générales

  • Ce quiz a été pris 639 fois
    (253 depuis la dernière actualisation)
  • Le résultat moyen est 15 sur 18

Statistiques - réponses

Type de quizExemple% Correct
FeuPonyta
95%
EauTourniquet
95%
CombatFérosinge
92%
PlanteVol-vie
90%
DragonDrattak
89%
InsecteChrysacier
88%
FéeRondoudou
87%
GlaceGlaciation
87%
AcierLuminocanon
86%
PsyTélékinésie
84%
NormalUltralaser
82%
ÉlectriqueTonnerre
80%
SolTunnel
77%
VolEtourmi
77%
RocheTarinor
72%
SpectreTénèbres
69%
PoisonMimitoss
67%
TénèbresFarfuret
60%

Distribution des résultats

Percentile par nombre de réponses

% des personnes avec chaque résultat

Votre développement - résultats

Vous n’avez pas pris ce quiz depuis la dernière actualisation